Agency 2011 (Record no. 83198)

MARC details
000 -LEADER
fixed length control field 01164cab a22002055a 4500
001 - CONTROL NUMBER
control field L153127
008 - FIXED-LENGTH DATA ELEMENTS--GENERAL INFORMATION
fixed length control field 110610e2011 xxk 000 0 eng d
035 ## - SYSTEM CONTROL NUMBER
System control number (Sirsi) u153127
041 0# - LANGUAGE CODE
Language code of text/sound track or separate title eng
110 2# - MAIN ENTRY--CORPORATE NAME
Corporate name or jurisdiction name as entry element Property Week
9 (RLIN) 1549
245 00 - TITLE STATEMENT
Title Agency 2011
Remainder of title property on the up
260 ## - PUBLICATION, DISTRIBUTION, ETC.
Date of publication, distribution, etc. 2011
490 #0 - SERIES STATEMENT
Series statement Property Week
Volume/sequential designation 77(22) 3 June 2011, 30-33(4)
520 ## - SUMMARY, ETC.
Summary, etc. Agency 2011 show agents' fortunes improving. The combined turnover of the top 60 firms was £210m more than in 2010. Just eight firms reported a drop in revenue compared with nearly three-quarters in recession-hit 2010. Half of the respondents said that they aimed to increase their workforce in 2011. This year the top five property services firms generated considerably more fees per head. than last year. Tables cover: top property services firms ranked by UK turnover; ranked by UK turnover per fee-earner ; top European property services firms ranked by European turnover; and top global property services firms ranked by worldwide turnover.
590 ## - LOCAL NOTE (RLIN)
Local note KA NTK
651 #4 - SUBJECT ADDED ENTRY--GEOGRAPHIC NAME
Geographic name International
690 ## - LOCAL SUBJECT ADDED ENTRY--TOPICAL TERM (OCLC, RLIN)
Topical term or geographic name as entry element PROPERTY-PROPERTY AGENCY
690 ## - LOCAL SUBJECT ADDED ENTRY--TOPICAL TERM (OCLC, RLIN)
Topical term or geographic name as entry element PROPERTY-PROPERTY MARKET
942 ## - ADDED ENTRY ELEMENTS (KOHA)
Suppress in OPAC 0
Holdings
Withdrawn status Lost status Source of classification or shelving scheme Damaged status Not for loan Home library Current library Shelving location Date acquired Total Checkouts Full call number Barcode Date last seen Copy number Price effective from Koha item type
    Dewey Decimal Classification     London London Journal article 10/06/2011   L153127 153127-1001 06/08/2019 1 06/08/2019 Journal article